000 00452nam a22001457a 4500
999 _c68288
_d68285
082 _aR/2CS18
100 _aSagar Kumar Anbani
_a18CS32
_aSupervisor - Prof. Dr. Fareed Ahmed Jokhio
245 _aVehicle Classification.
260 _aNawabshah
_bQUEST
_c2021
300 _a45p.
700 _aWajid Hussain Abro (Roll No. 18CS31)
700 _aSyed Sajid Ali Shah (Roll No. 18CS06)
700 _aAli Asghar Urf Aamir (Roll No. 18CS10)
942 _cTHESIS